000 00238 a2200097 4500
001 53102
100 _aGaskell D R
245 _aIntroduction to Metallurgical Thermodynamics
260 _aNew York
_bMcGraw-Hill
_c
090 _c33389
_d33389
942 _aNUST-CAE
_cM
_c25990
999 _c288175
_d288175